<?xml version="1.0" encoding="UTF-8"?><?xml-stylesheet type="text/xsl" href="static/style.xsl"?><OAI-PMH xmlns="http://www.openarchives.org/OAI/2.0/" xmlns:xsi="http://www.w3.org/2001/XMLSchema-instance" xsi:schemaLocation="http://www.openarchives.org/OAI/2.0/ http://www.openarchives.org/OAI/2.0/OAI-PMH.xsd"><responseDate>2026-06-07T05:20:28Z</responseDate><request verb="GetRecord" identifier="oai:riuma.uma.es:10630/28380" metadataPrefix="marc">https://riuma.uma.es/rest/oai/request</request><GetRecord><record><header><identifier>oai:riuma.uma.es:10630/28380</identifier><datestamp>2026-02-03T10:27:59Z</datestamp><setSpec>com_10630_1685</setSpec><setSpec>col_10630_38056</setSpec></header><metadata><record xmlns="http://www.loc.gov/MARC21/slim" xmlns:dcterms="http://purl.org/dc/terms/" xmlns:doc="http://www.lyncode.com/xoai" xmlns:xsi="http://www.w3.org/2001/XMLSchema-instance" xsi:schemaLocation="http://www.loc.gov/MARC21/slim http://www.loc.gov/standards/marcxml/schema/MARC21slim.xsd">
   <leader>00925njm 22002777a 4500</leader>
   <datafield ind2=" " ind1=" " tag="042">
      <subfield code="a">dc</subfield>
   </datafield>
   <datafield ind2=" " ind1=" " tag="720">
      <subfield code="a">Almodóvar Morilla, María José</subfield>
      <subfield code="e">author</subfield>
   </datafield>
   <datafield ind2=" " ind1=" " tag="260">
      <subfield code="c">2023</subfield>
   </datafield>
   <datafield ind2=" " ind1=" " tag="520">
      <subfield code="a">El aumento de la competitividad en la industria turística ha impulsado la creación de nuevos productos con el objetivo de satisfacer las motivaciones e inquietudes de un turista cada vez más exigente. La identificación y difusión del patrimonio industrial como producto turístico-cultural en otros destinos ha permitido generar una mayor atracción turística y una mayor diferenciación.&#xd;
Actualmente, la riqueza patrimonial de Marbella pasa desapercibida para el visitante y para el residente. Estos recursos suponen potenciales oportunidades de desarrollo turístico.&#xd;
El presente Trabajo Fin de Máster aborda el análisis y valoración del patrimonio industrial de Marbella como posible oferta turístico-cultural y el desarrollo de un turismo industrial. Se parte de la idea de catalogación, conservación, valorización y aprovechamiento del patrimonio industrial de Marbella como recurso turístico y acercar este patrimonio cultural, su historia y valores a los turistas y la población local.&#xd;
Desde esta perspectiva se plantean propuestas de intervención, principalmente en la Sierra Blanca, que puedan complementar la oferta turística ya existente, ya que la historia, edificaciones e infraestructuras abandonadas o en desuso (minas, fábricas, senderos...), se pueden convertir en una buena oportunidad para crear un producto que regenere y diversifique la oferta de la ciudad, que se encuentra masificada por el turismo de sol y playa y presenta una marcada estacionalidad</subfield>
   </datafield>
   <datafield ind1="8" ind2=" " tag="024">
      <subfield code="a">https://hdl.handle.net/10630/28380</subfield>
   </datafield>
   <datafield tag="653" ind2=" " ind1=" ">
      <subfield code="a">Patrimonio industrial</subfield>
   </datafield>
   <datafield tag="653" ind2=" " ind1=" ">
      <subfield code="a">Producto turístico</subfield>
   </datafield>
   <datafield tag="653" ind2=" " ind1=" ">
      <subfield code="a">Oferta turística</subfield>
   </datafield>
   <datafield ind2="0" ind1="0" tag="245">
      <subfield code="a">Los orígenes industriales de Marbella y el cambio de paradigma turístico: Creación de nuevos productos basados en el turismo industrial</subfield>
   </datafield>
</record>
</metadata></record></GetRecord></OAI-PMH>